000 00427nam a2200181 a 4500
003 ViArRB
005 20241205144125.0
008 960221s1955 dcuabcdjdbkoqu001 0deng d
020 _a8171304990
080 _a89M-2
_bMUH/K
100 _aMuhammad Basheer , Vaikom
245 _aKathabeejam
260 _bD C Books
_aKottayam
_c2019
300 _a86p.
500 _a
653 _aDrama - Malayalam Literature
942 _cBK
999 _c61543
_d61542